Statistics for Countries Closest to Gambia

Click here to take the quiz!

General Stats

  • This quiz has been taken 19 times
  • The average score is 18 of 20

Answer Stats

Distance (mi)AnswerDistance (km)% Correct
985Algeria1,585
100%
757Ghana1,217
100%
133Mauritania215
100%
496Morocco798
100%
938Niger1,510
100%
1,162Nigeria1,870
100%
0Senegal0
100%
1,003Benin1,615
94%
583Burkina Faso939
94%
433Cape Verde696
94%
46Guinea74
94%
38Guinea-Bissau60
94%
448Ivory Coast721
94%
117Mali188
94%
935Togo1,505
94%
1,287Portugal2,071
88%
258Sierra Leone415
88%
962Spain1,548
88%
412Liberia664
81%
1,203Brazil1,935
31%

Score Distribution

Percentile by Number Answered

Percent of People with Each Score

Your Score History

You have not taken this quiz